| 000 | 00557nam a2200193 a 4500 | ||
|---|---|---|---|
| 005 | 20240924065917.0 | ||
| 008 | 991125s1995 ea 000 0 eng u | ||
| 020 | _a0415132223 | ||
| 035 | _aUPN01000054855 | ||
| 049 | _aCG | ||
| 050 | 4 |
_aT11 _bB3.7 |
|
| 100 | 1 | _aBarrass, Robert | |
| 245 | 1 | 0 |
_aStudents must write : _ba guide to better writing in coursework and examinations / _cRobert Barrass. |
| 260 |
_aLondon : _bRoutledge, _c1995. |
||
| 300 |
_a194 p. : _bil. |
||
| 650 | 4 |
_aEscritura _913353 |
|
| 650 | 4 |
_aESCRITURA TECNICA _916068 |
|
| 905 | _aLibro | ||
| 999 |
_c54855 _d54855 |
||